[Event "Chessemy Open 2022"]
[Site "Reinstorf"]
[Date "2022.02.01"]
[Round "4.7"]
[White "Koellner, Ruben Gideon"]
[Black "Kardoeus, David"]
[Result "1-0"]
[WhiteElo "2428"]
[BlackElo "2169"]
[Annotator "TA"]
[PlyCount "89"]
[EventDate "2022.01.29"]
[EventType "swiss"]
[EventCountry "GER"]
[SourceTitle "playchess.com"]
[Source "ChessBase"]
[SourceQuality "1"]

1. d4 d5 2. Bf4 Nf6 3. e3 c5 4. Nf3 Nc6 5. Nbd2 e6 6. c3 Bd6 7. Bg3 O-O 8. Bd3 b6 9. Qe2 Bb7 10. Rd1 Re8 11. e4 Be7 12. e5 Nh5 13. a3 a5 14. h4 Nxg3 15. fxg3 cxd4 16. cxd4 Rf8 17. Nf1 Qd7 18. Ne3 f5 19. g4 f4 20. Nc2 Qc8 21. O-O Ba6 22. Nce1 h6 23. Bxa6 Qxa6 24. Qxa6 Rxa6 25. Rc1 Rc8 26. h5 Raa8 27. Nd3 Bg5 28. Rc3 Ne7 29. Rfc1 Rxc3 30. Rxc3 Rc8 31. Rxc8+ Nxc8 32. Nf2 Na7 33. Nh3 Nc6 34. Kf1 a4 35. Nhxg5 hxg5 36. Ke2 Na5 37. Nxg5 Nc4 38. Nxe6 b5 39. Nxf4 Nxb2 40. Nxd5 Nc4 41. Nc3 Nxa3 42. Kd3 Kf7 43. g5 Nc4 44. Nxb5 Nb2+ 45. Kc2 1-0

[Event "Chessemy Open 2022"]
[Site "Reinstorf"]
[Date "2022.02.01"]
[Round "4.7"]
[White "Jessen, Bjarne"]
[Black "Ploder, Udo"]
[Result "1/2-1/2"]
[WhiteElo "1547"]
[BlackElo "1873"]
[Annotator "NA"]
[PlyCount "43"]
[EventDate "2022.01.29"]
[EventType "swiss"]
[EventCountry "GER"]
[SourceTitle "playchess.com"]
[Source "ChessBase"]
[SourceQuality "1"]

1. e4 e5 2. Nf3 Nc6 3. Bc4 Nf6 4. d4 exd4 5. O-O Nxe4 6. Re1 d5 7. Bxd5 Qxd5 8. Nc3 Qh5 9. Nxe4 Be6 10. Bg5 Bd6 11. Nxd6+ cxd6 12. Bf4 O-O 13. Nxd4 Qxd1 14. Raxd1 Nxd4 15. Rxd4 Rfc8 16. c3 Bxa2 17. Rxd6 Be6 18. Red1 h6 19. Be3 Kf8 20. h3 Ke7 21. Kh2 Rc4 22. R6d4 1/2-1/2

[Event "Chessemy Open 2022"]
[Site "Reinstorf"]
[Date "2022.02.01"]
[Round "4.8"]
[White "Stotyn, Fabian"]
[Black "Vypkhaniuk, Ihor"]
[Result "0-1"]
[WhiteElo "2174"]
[BlackElo "2426"]
[Annotator "TA"]
[PlyCount "108"]
[EventDate "2022.01.29"]
[EventType "swiss"]
[EventCountry "GER"]
[SourceTitle "playchess.com"]
[Source "ChessBase"]
[SourceQuality "1"]

1. e4 c5 2. Nf3 Nc6 3. d4 cxd4 4. Nxd4 g6 5. Be3 Nf6 6. Nc3 Bg7 7. Bc4 Qa5 8. O-O O-O 9. Bb3 d6 10. h3 Bd7 11. Nf3 Rfc8 12. Qd2 b5 13. a3 Be8 14. Rab1 b4 15. axb4 Qxb4 16. Rfe1 Na5 17. Ba2 Nc4 18. Bxc4 Rxc4 19. e5 dxe5 20. Nxe5 Rcc8 21. Nd3 Qb7 22. Bd4 Rd8 23. Qe3 Bc6 24. Nc5 Qb4 25. Nb3 a5 26. Bc5 Qb7 27. f3 e6 28. Bb6 Nd5 29. Nxd5 Rxd5 30. c4 Re5 31. Qf2 Rxe1+ 32. Rxe1 Rb8 33. c5 Qd7 34. Qe2 Bd5 35. Nxa5 Qa4 36. b3 Qb4 37. Nc4 Qxb3 38. Ne5 Ra8 39. Qe3 Ra1 40. Kh2 Qb2 41. Nd3 Rxe1 42. Qxe1 Qd4 43. Nf2 Be5+ 44. Kh1 Bg3 45. Kg1 h5 46. Ba5 Qxc5 47. Bd2 Bc7 48. Qe3 Qd6 49. f4 Qa3 50. Qe2 Bb7 51. Nd1 Ba5 52. Nc3 Qb2 53. Qd3 Qb6+ 54. Kh2 Qf2 0-1

[Event "Chessemy Open 2022"]
[Site "Reinstorf"]
[Date "2022.02.01"]
[Round "4.8"]
[White "Ebeling, Hans-Juergen"]
[Black "Pellicoro, Nathalie"]
[Result "0-1"]
[WhiteElo "1538"]
[BlackElo "1835"]
[Annotator "NA"]
[PlyCount "68"]
[EventDate "2022.01.29"]
[EventType "swiss"]
[EventCountry "GER"]
[SourceTitle "playchess.com"]
[Source "ChessBase"]
[SourceQuality "1"]

1. e4 e5 2. Nf3 Nc6 3. d4 exd4 4. Bc4 Nf6 5. e5 d5 6. Bb5 Ne4 7. Nxd4 Bd7 8. Bxc6 bxc6 9. O-O Bc5 10. f3 Ng5 11. Be3 Bb6 12. f4 Ne4 13. Nd2 Nxd2 14. Qxd2 c5 15. Nf3 Bf5 16. Rad1 c6 17. Bf2 O-O 18. a3 f6 19. b4 cxb4 20. Qxb4 Rb8 21. Qc3 Bxf2+ 22. Rxf2 Qb6 23. Nd4 Bg4 24. Re1 c5 25. Qg3 Bc8 26. Ne2 fxe5 27. fxe5 Ba6 28. Rxf8+ Rxf8 29. Kh1 Bxe2 30. Qb3 Qxb3 31. cxb3 Rf1+ 32. Rxf1 Bxf1 33. Kg1 Ba6 34. Kf2 Kf7 0-1

[Event "Chessemy Open 2022"]
[Site "Reinstorf"]
[Date "2022.02.01"]
[Round "4.9"]
[White "Skytte, Rasmus"]
[Black "Budzyn, Matthias"]
[Result "1/2-1/2"]
[WhiteElo "2377"]
[BlackElo "2139"]
[Annotator "TA"]
[PlyCount "51"]
[EventDate "2022.01.29"]
[EventType "swiss"]
[EventCountry "GER"]
[SourceTitle "playchess.com"]
[Source "ChessBase"]
[SourceQuality "1"]

1. e4 e5 2. Nf3 Nc6 3. Bb5 a6 4. Ba4 Nf6 5. O-O Be7 6. Re1 b5 7. Bb3 d6 8. c3 O-O 9. h3 Na5 10. Bc2 c5 11. d4 Qc7 12. d5 Bd7 13. b3 Nb7 14. Be3 Rfc8 15. c4 b4 16. Nbd2 Bf8 17. Nf1 Nd8 18. g4 g6 19. N3h2 Ne8 20. Ng3 f6 21. h4 Nf7 22. Kg2 Bh6 23. Bxh6 Nxh6 24. f3 Nf7 25. Nhf1 Ng7 26. Ne3 1/2-1/2

[Event "Chessemy Open 2022"]
[Site "Reinstorf"]
[Date "2022.02.01"]
[Round "4.9"]
[White "Hassinger, Jan Lucian"]
[Black "Pohle, Saskia"]
[Result "0-1"]
[WhiteElo "1522"]
[BlackElo "1824"]
[Annotator "NA"]
[PlyCount "78"]
[EventDate "2022.01.29"]
[EventType "swiss"]
[EventCountry "GER"]
[SourceTitle "playchess.com"]
[Source "ChessBase"]
[SourceQuality "1"]

1. d4 Nf6 2. c4 e6 3. Nf3 d5 4. Bg5 Bb4+ 5. Nc3 h6 6. Bxf6 Qxf6 7. e3 O-O 8. a3 Bxc3+ 9. bxc3 b6 10. cxd5 exd5 11. Qb3 Bb7 12. Bd3 Nd7 13. O-O c5 14. Be2 Qe7 15. Rab1 Rac8 16. Rfc1 Rc7 17. Rb2 cxd4 18. exd4 Rfc8 19. Bf1 Qf6 20. a4 a6 21. Rbc2 Qd6 22. c4 Kh8 23. cxd5 Bxd5 24. Bc4 Bxf3 25. Qxf3 Qxd4 26. Qd3 Qxd3 27. Bxd3 Rxc2 28. Rxc2 Rxc2 29. Bxc2 Nc5 30. Kf1 b5 31. axb5 axb5 32. Ke2 b4 33. Kd2 g5 34. Bb1 Kg7 35. Ke3 Kf6 36. Kd4 Ne6+ 37. Kc4 Nf4 38. g3 Nh3 39. f3 Ke5 0-1

[Event "Chessemy Open 2022"]
[Site "Reinstorf"]
[Date "2022.02.01"]
[Round "4.10"]
[White "Eilenberg, Jonas"]
[Black "Bracker, Frank"]
[Result "1/2-1/2"]
[WhiteElo "2135"]
[BlackElo "2371"]
[Annotator "TA"]
[PlyCount "98"]
[EventDate "2022.01.29"]
[EventType "swiss"]
[EventCountry "GER"]
[SourceTitle "playchess.com"]
[Source "ChessBase"]
[SourceQuality "1"]

1. d4 Nf6 2. c4 e6 3. Nc3 Bb4 4. e3 O-O 5. Nge2 Re8 6. a3 Bf8 7. Ng3 d5 8. Be2 b6 9. O-O Bb7 10. b3 Nbd7 11. Bb2 c5 12. cxd5 exd5 13. Bf3 cxd4 14. exd4 g6 15. Re1 Rxe1+ 16. Qxe1 Bg7 17. Nf1 Nf8 18. Ne3 Ne6 19. Rd1 Ng5 20. Be2 Rc8 21. h4 Nge4 22. Bf3 Nxc3 23. Bxc3 Ne4 24. Bxe4 dxe4 25. Rc1 Bd5 26. Ba1 Rxc1 27. Qxc1 Bf8 28. Qf1 Qd7 29. Qc1 b5 30. h5 f5 31. hxg6 hxg6 32. g3 a5 33. Qd2 b4 34. axb4 axb4 35. Qc2 Bf7 36. d5 Bxd5 37. Qb2 Qe6 38. Qh8+ Kf7 39. Qh7+ Ke8 40. Nxd5 Qxd5 41. Qxg6+ Kd7 42. Qh7+ Kc6 43. Qg6+ Kb7 44. Qh7+ Kb6 45. Qh8 Bc5 46. Qb8+ Ka6 47. Qc8+ Kb6 48. Qb8+ Ka6 49. Qc8+ Kb6 1/2-1/2

[Event "Chessemy Open 2022"]
[Site "Reinstorf"]
[Date "2022.02.01"]
[Round "4.10"]
[White "Semling, Julius"]
[Black "Muedder, Melanie"]
[Result "0-1"]
[WhiteElo "1515"]
[BlackElo "1788"]
[Annotator "NA"]
[PlyCount "66"]
[EventDate "2022.01.29"]
[EventType "swiss"]
[EventCountry "GER"]
[SourceTitle "playchess.com"]
[Source "ChessBase"]
[SourceQuality "1"]

1. e4 c5 2. Nf3 Nc6 3. d4 cxd4 4. Nxd4 e5 5. Nb5 d6 6. N1c3 a6 7. Na3 Be7 8. Nc4 b5 9. Ne3 Nf6 10. a3 O-O 11. g3 Nd7 12. Bg2 Nc5 13. O-O Rb8 14. Ned5 b4 15. axb4 Nxb4 16. b3 a5 17. Bb2 Nxd5 18. Nxd5 a4 19. b4 Bd7 20. f4 Na6 21. fxe5 Nxb4 22. Nxb4 Rxb4 23. Ba3 Qb6+ 24. Kh1 Rd4 25. Qe1 Bb5 26. Rf2 Qc7 27. c3 Rc4 28. Bf1 Rxe4 29. Qxe4 Bc6 30. Bg2 Bxe4 31. Bxe4 Qxc3 32. Bb2 Qe3 33. exd6 Qxe4+ 0-1

[Event "Chessemy Open 2022"]
[Site "Reinstorf"]
[Date "2022.02.01"]
[Round "4.11"]
[White "Colbow, Collin"]
[Black "Germer, Philipp"]
[Result "1-0"]
[WhiteElo "2322"]
[BlackElo "2132"]
[Annotator "TA"]
[PlyCount "71"]
[EventDate "2022.01.29"]
[EventType "swiss"]
[EventCountry "GER"]
[SourceTitle "playchess.com"]
[Source "ChessBase"]
[SourceQuality "1"]

1. Nf3 Nf6 2. b3 d5 3. Bb2 Bf5 4. c4 c6 5. g3 h6 6. Bg2 e6 7. O-O Be7 8. d3 O-O 9. Nbd2 Bh7 10. Re1 a5 11. a3 Nbd7 12. Qc2 b5 13. e4 Qb6 14. cxb5 cxb5 15. Bd4 Bc5 16. Bxc5 Qxc5 17. Qb2 Rfc8 18. Rac1 Qb6 19. h3 b4 20. a4 Nc5 21. Ne5 Qa6 22. Qd4 Ncd7 23. Nxd7 Nxd7 24. exd5 e5 25. Qe3 Bxd3 26. Rc6 Rxc6 27. dxc6 Nf6 28. Qxe5 Rc8 29. Qc5 Ne8 30. Re7 Nc7 31. Qd4 Ne6 32. Qd7 Bg6 33. Nc4 Rc7 34. Rxe6 Rxd7 35. Re8+ Kh7 36. cxd7 1-0

[Event "Chessemy Open 2022"]
[Site "Reinstorf"]
[Date "2022.02.01"]
[Round "4.11"]
[White "Buchinger, Alexis"]
[Black "Kewe, Stefan"]
[Result "1-0"]
[WhiteElo "1509"]
[BlackElo "1814"]
[Annotator "NA"]
[PlyCount "71"]
[EventDate "2022.01.29"]
[EventType "swiss"]
[EventCountry "GER"]
[SourceTitle "playchess.com"]
[Source "ChessBase"]
[SourceQuality "1"]

1. c4 e5 2. g3 Nc6 3. Bg2 f5 4. d3 Nf6 5. Nc3 Bb4 6. Bd2 Bxc3 7. Bxc3 d6 8. Nf3 O-O 9. O-O Qe8 10. b4 Nd8 11. e3 Ne6 12. d4 e4 13. Nd2 d5 14. Re1 g5 15. Rc1 c6 16. f3 exf3 17. Nxf3 Qh5 18. Ne5 Qh6 19. Rf1 f4 20. exf4 gxf4 21. Bd2 Ne4 22. cxd5 cxd5 23. gxf4 Nxd4 24. Be3 Ne6 25. Qxd5 Nf6 26. Qb3 Kh8 27. f5 Ng5 28. Bxg5 Qxg5 29. Nf7+ Rxf7 30. Qxf7 Bd7 31. Rc3 Ne4 32. Rh3 Nf6 33. Rd3 Bb5 34. Rg3 Qh6 35. Qxb7 Rf8 36. Qxb5 1-0

[Event "Chessemy Open 2022"]
[Site "Reinstorf"]
[Date "2022.02.01"]
[Round "4.12"]
[White "Bui, Bao Anh Le"]
[Black "Lubbe, Melanie"]
[Result "0-1"]
[WhiteElo "2132"]
[BlackElo "2297"]
[Annotator "TA"]
[PlyCount "94"]
[EventDate "2022.01.29"]
[EventType "swiss"]
[EventCountry "GER"]
[SourceTitle "playchess.com"]
[Source "ChessBase"]
[SourceQuality "1"]

1. e4 c5 2. Nf3 d6 3. Bb5+ Nd7 4. Ba4 Ngf6 5. O-O e6 6. Re1 Be7 7. c4 O-O 8. Bxd7 Bxd7 9. Nc3 a6 10. a4 Qa5 11. d4 cxd4 12. Qxd4 Rfc8 13. Bd2 Qc7 14. b3 Ng4 15. Rac1 Bf6 16. Qd3 Qb6 17. Nd1 Rd8 18. Ne3 Nxe3 19. Bxe3 Qc7 20. Red1 Bc6 21. Nd4 Be8 22. f3 b6 23. Qd2 h6 24. Qf2 Qb7 25. Ne2 b5 26. axb5 axb5 27. Qg3 bxc4 28. bxc4 Ra2 29. Nc3 Ra3 30. Bxh6 Rxc3 31. Bxg7 Bxg7 32. Rxc3 Ra8 33. Rcd3 Ba4 34. Rf1 Qb6+ 35. Kh1 Ra6 36. Qg5 Bc2 37. Rd2 Bb3 38. e5 d5 39. cxd5 exd5 40. f4 Bc4 41. Rfd1 Qe3 42. Qd8+ Kh7 43. Qg5 Bh6 44. Qf5+ Kg7 45. g3 d4 46. Rxd4 Be2 47. h3 Bf3+ 0-1

[Event "Chessemy Open 2022"]
[Site "Reinstorf"]
[Date "2022.02.01"]
[Round "4.12"]
[White "Rick, Niklas Corvin"]
[Black "Niemann, Leon"]
[Result "0-1"]
[WhiteElo "1490"]
[BlackElo "1804"]
[Annotator "NA RC"]
[PlyCount "162"]
[EventDate "2022.01.29"]
[EventType "swiss"]
[EventCountry "GER"]
[SourceTitle "playchess.com"]
[Source "ChessBase"]
[SourceQuality "1"]

1. d4 Nf6 2. c4 c5 3. d5 b5 4. cxb5 a6 5. bxa6 g6 6. Nc3 Bg7 7. e4 O-O 8. Nf3 Qa5 9. Bd2 Bxa6 10. g3 d6 11. a4 Qb6 12. Bxa6 Nxa6 13. O-O Rfb8 14. Qe2 Nd7 15. Rfb1 Nb4 16. Nb5 Nc2 17. Ra2 Qa6 18. Nc3 Qxe2 19. Nxe2 Rb3 20. Rc1 Nb4 21. Bxb4 Rxb4 22. Nd2 Raxa4 23. Rxa4 Rxa4 24. Nc3 Rb4 25. b3 Rd4 26. Ndb1 Ne5 27. Rd1 Rb4 28. Nd2 Nf3+ 29. Nxf3 Bxc3 30. Rd3 Rxb3 31. Nd2 Rb2 32. Nc4 Rb1+ 33. Kg2 Bd4 34. f3 Rb4 35. Na5 Ra4 36. Nc6 Bf6 37. Rd2 c4 38. Kf2 c3 39. Rc2 Ra1 40. Ke2 Rh1 41. Kd3 e6 42. Nb4 Rb1 43. Na2 exd5 44. Nxc3 Bxc3 45. Rxc3 dxe4+ 46. Kxe4 Rd1 47. Ra3 Kg7 48. Ra5 Kf6 49. h4 h5 50. Ra6 Ke6 51. Ra8 Rb1 52. Re8+ Kf6 53. Rd8 Ke7 54. Ra8 Rb4+ 55. Kd5 Rb3 56. Ra7+ Kf6 57. Ke4 d5+ 58. Kf4 Rb4+ 59. Ke3 Ke6 60. Ra6+ Ke5 61. Ra3 Rc4 62. Kd3 Rc1 63. Ra7 f6 64. Ra4 Rg1 65. Ke3 Rb1 66. Ra3 Rb2 67. f4+ Kf5 68. Kf3 Rc2 69. Rd3 d4 70. Rxd4 Rc3+ 71. Kf2 Kg4 72. Rd6 Rf3+ 73. Ke2 Rxg3 74. Rxf6 Kxh4 75. f5 g5 76. Re6 g4 77. f6 Rf3 78. Rd6 Kg5 79. Rd5+ Kg6 80. Rd8 Rxf6 81. Ke3 Kg5 0-1

[Event "Chessemy Open 2022"]
[Site "Reinstorf"]
[Date "2022.02.01"]
[Round "4.13"]
[White "Baum, Jonasz"]
[Black "Schwarz, Jochen"]
[Result "1/2-1/2"]
[WhiteElo "2287"]
[BlackElo "1905"]
[Annotator "TA"]
[PlyCount "33"]
[EventDate "2022.01.29"]
[EventType "swiss"]
[EventCountry "GER"]
[SourceTitle "playchess.com"]
[Source "ChessBase"]
[SourceQuality "1"]

1. d4 d5 2. c4 e6 3. Nf3 c5 4. cxd5 exd5 5. Nc3 Nc6 6. dxc5 d4 7. Na4 Bxc5 8. Nxc5 Qa5+ 9. Bd2 Qxc5 10. Rc1 Qb6 11. e3 Nf6 12. exd4 O-O 13. Bc3 Be6 14. b3 Nb4 15. Bxb4 Qxb4+ 16. Qd2 Qa3 17. Bd3 1/2-1/2

[Event "Chessemy Open 2022"]
[Site "Reinstorf"]
[Date "2022.02.01"]
[Round "4.13"]
[White "Wagener, Martin"]
[Black "Kreusch, Frank"]
[Result "0-1"]
[WhiteElo "1455"]
[BlackElo "1789"]
[Annotator "NA"]
[PlyCount "54"]
[EventDate "2022.01.29"]
[EventType "swiss"]
[EventCountry "GER"]
[SourceTitle "playchess.com"]
[Source "ChessBase"]
[SourceQuality "1"]

1. e4 d5 2. exd5 Nf6 3. Nc3 Nxd5 4. Nxd5 Qxd5 5. Nf3 Nc6 6. Be2 Bg4 7. O-O O-O-O 8. d3 f6 9. Bd2 e5 10. h3 Be6 11. Bc3 g5 12. Nh2 Be7 13. Bf3 Qd7 14. Ng4 Kb8 15. Re1 Rdg8 16. b4 h5 17. Bxc6 Qxc6 18. Nxe5 fxe5 19. Bxe5 Rh6 20. Qd2 Rhg6 21. c4 g4 22. hxg4 Bxg4 23. Bg3 Bf6 24. d4 h4 25. d5 Qd7 26. Be5 Bxe5 27. Rxe5 Bf3 0-1

[Event "Chessemy Open 2022"]
[Site "Reinstorf"]
[Date "2022.02.01"]
[Round "4.14"]
[White "Richter, Nils"]
[Black "Lehaci, Miruna-Daria"]
[Result "1-0"]
[WhiteElo "2270"]
[BlackElo "2200"]
[Annotator "TA"]
[PlyCount "117"]
[EventDate "2022.01.29"]
[EventType "swiss"]
[EventCountry "GER"]
[SourceTitle "playchess.com"]
[Source "ChessBase"]
[SourceQuality "1"]

1. d4 d5 2. c4 e6 3. Nf3 a6 4. Bg5 Be7 5. Bxe7 Qxe7 6. Nbd2 Nf6 7. g3 b6 8. Bg2 c5 9. O-O O-O 10. cxd5 exd5 11. Rc1 Nbd7 12. dxc5 bxc5 13. Nb3 Ra7 14. Na5 Qe6 15. b4 Qb6 16. a3 Re8 17. Re1 Ne4 18. e3 Ndf6 19. Nd2 cxb4 20. Nxe4 dxe4 21. axb4 Bg4 22. Qc2 Rd7 23. Qc5 Qe6 24. Qc4 Rd5 25. Nb3 Nd7 26. Nd4 Qd6 27. Qc6 Nf6 28. Rc5 Qxc6 29. Rxc6 a5 30. b5 Bd7 31. Rb6 Rc5 32. Bf1 Ra8 33. Ra1 a4 34. Rd6 h5 35. Be2 a3 36. Ra6 Rac8 37. R6xa3 Nd5 38. Ra8 Rxa8 39. Rxa8+ Kh7 40. Ra1 Nc3 41. Bf1 Nxb5 42. Nxb5 Bxb5 43. Ra5 Bxf1 44. Rxc5 Be2 45. f4 f6 46. Kf2 Bf3 47. Ke1 Kg6 48. Kd2 Bg4 49. Kc3 Kh6 50. Kd4 Bf3 51. Kd5 Kg6 52. Ke6 Bg4+ 53. Ke7 h4 54. gxh4 f5 55. Kf8 Kh5 56. Kxg7 Kxh4 57. Kf6 Kh3 58. Rxf5 Kxh2 59. Ke5 1-0

[Event "Chessemy Open 2022"]
[Site "Reinstorf"]
[Date "2022.02.01"]
[Round "4.15"]
[White "Ermitsch, Magnus"]
[Black "Hommer, Jeremy"]
[Result "1-0"]
[WhiteElo "2127"]
[BlackElo "2220"]
[Annotator "TA"]
[PlyCount "101"]
[EventDate "2022.01.29"]
[EventType "swiss"]
[EventCountry "GER"]
[SourceTitle "playchess.com"]
[Source "ChessBase"]
[SourceQuality "1"]

1. e4 c6 2. Nf3 d5 3. Nc3 dxe4 4. Nxe4 Nf6 5. Qe2 Bf5 6. Nxf6+ gxf6 7. d3 c5 8. g3 Nc6 9. Bg2 Qd7 10. h3 e5 11. Be3 h5 12. Nd2 O-O-O 13. Ne4 Bxe4 14. dxe4 Bh6 15. h4 Qd6 16. c3 Bxe3 17. Qxe3 Na5 18. Bf1 Kb8 19. Be2 b6 20. Rd1 Qe6 21. Rxd8+ Rxd8 22. b3 Rh8 23. O-O Nb7 24. Rd1 Nd6 25. Bf3 Kc7 26. Qe2 Qe8 27. Qa6 Qb8 28. Rd5 Qb7 29. Qe2 Qc6 30. Qd2 Rh7 31. Kh2 Rh8 32. Qd3 c4 33. bxc4 Nxc4 34. Be2 Nd6 35. c4 Nb7 36. Qa3 Nc5 37. Qxa7+ Qb7 38. Qa3 Ra8 39. Qf3 Rxa2 40. Qxf6 Kb8 41. Bxh5 Ka7 42. Qf3 f6 43. Bg6 Qa6 44. Bf7 Rc2 45. h5 Qa1 46. Rd1 Qb2 47. Rf1 Nb3 48. Qf5 Nd2 49. Qd7+ Kb8 50. Bd5 Nxf1+ 51. Kh3 1-0

[Event "Chessemy Open 2022"]
[Site "Reinstorf"]
[Date "2022.02.01"]
[Round "4.15"]
[White "Bonatis, Reiner"]
[Black "Back, Andreas"]
[Result "1/2-1/2"]
[WhiteElo "1713"]
[BlackElo "1454"]
[Annotator "NA"]
[PlyCount "54"]
[EventDate "2022.01.29"]
[EventType "swiss"]
[EventCountry "GER"]
[SourceTitle "playchess.com"]
[Source "ChessBase"]
[SourceQuality "1"]

1. c4 c5 2. Nc3 Nc6 3. g3 Nf6 4. Bg2 e6 5. e4 e5 6. d3 d6 7. Nge2 Be7 8. O-O O-O 9. f4 Nd7 10. f5 Bg5 11. Nd5 Bxc1 12. Qxc1 f6 13. g4 Ne7 14. Ne3 Nc6 15. Ng3 Nd4 16. Nd5 Nb6 17. Nc3 Nd7 18. Bf3 Nb8 19. Nge2 Nbc6 20. Nxd4 Nxd4 21. Kg2 Bd7 22. Bd1 a6 23. a4 Bc6 24. a5 Rb8 25. Rf2 h6 26. Ra3 Qd7 27. Kg1 Qd8 1/2-1/2

[Event "Chessemy Open 2022"]
[Site "Reinstorf"]
[Date "2022.02.01"]
[Round "4.16"]
[White "Tan, Justin"]
[Black "Bischoff, Ulrich"]
[Result "1-0"]
[WhiteElo "2526"]
[BlackElo "1994"]
[Annotator "TA"]
[PlyCount "83"]
[EventDate "2022.01.29"]
[EventType "swiss"]
[EventCountry "GER"]
[SourceTitle "playchess.com"]
[Source "ChessBase"]
[SourceQuality "1"]

1. Nf3 d5 2. g3 Nf6 3. Bg2 e6 4. d4 Be7 5. c4 O-O 6. O-O dxc4 7. Qc2 a6 8. a4 Bd7 9. Qxc4 Bc6 10. Bf4 Bd6 11. Qc1 a5 12. Nc3 Bxf3 13. Bxf3 Bxf4 14. Qxf4 c6 15. Rad1 Na6 16. e4 Nb4 17. h4 Qe7 18. Rd2 Rfd8 19. Rfd1 h6 20. e5 Nfd5 21. Qg4 f5 22. exf6 Nxf6 23. Qf4 Qd6 24. Qe3 Re8 25. Re2 Rad8 26. Bg2 Nbd5 27. Qd2 Nxc3 28. Qxc3 e5 29. Qxa5 exd4 30. Rxe8+ Rxe8 31. Qb6 d3 32. Qb3+ Kh8 33. Rxd3 Qc5 34. Bf3 Re1+ 35. Kg2 Qc1 36. Rd8+ Kh7 37. Bd1 Re8 38. Bc2+ Kh8 39. Rxe8+ Nxe8 40. Qd3 Kg8 41. Bb3+ Kf8 42. Qd7 1-0

[Event "Chessemy Open 2022"]
[Site "Reinstorf"]
[Date "2022.02.01"]
[Round "4.16"]
[White "Lehmann, Simon"]
[Black "Werther, Jens"]
[Result "1/2-1/2"]
[WhiteElo "1322"]
[BlackElo "1699"]
[Annotator "NA RC"]
[PlyCount "102"]
[EventDate "2022.01.29"]
[EventType "swiss"]
[EventCountry "GER"]
[SourceTitle "playchess.com"]
[Source "ChessBase"]
[SourceQuality "1"]

1. d4 d5 2. Bf4 e6 3. Nf3 Nf6 4. e3 Bd6 5. Bg3 O-O 6. Bd3 b6 7. O-O Ba6 8. Qe2 Bxd3 9. Qxd3 Bxg3 10. hxg3 c5 11. Nbd2 Nc6 12. c3 Qc7 13. Rfe1 e5 14. dxe5 Nxe5 15. Nxe5 Qxe5 16. e4 dxe4 17. Nxe4 Rad8 18. Nxf6+ Qxf6 19. Qa6 Rd7 20. Rad1 Qd8 21. Qa4 Rxd1 22. Rxd1 Qe7 23. Qd7 Qe2 24. Qd2 Qe6 25. b3 h6 26. Re1 Qf6 27. Re3 a6 28. Kf1 Qc6 29. c4 Qf6 30. Qc3 Qg6 31. Qd3 Qf6 32. Qc3 Qc6 33. f3 Qd6 34. Re4 Rd8 35. Qe1 Qd3+ 36. Qe2 Qb1+ 37. Kf2 Kh7 38. Re7 Qg6 39. Qb2 Rd4 40. Re3 Qd6 41. Qc2+ g6 42. Re2 Rd1 43. Qc3 Rd4 44. Qc2 h5 45. Qc1 Qf6 46. Qh1 Qd6 47. g4 Rd1 48. Qh4 Qf4 49. Qh3 Qd4+ 50. Kg3 Qd6+ 51. Kf2 Qd4+ 1/2-1/2

[Event "Chessemy Open 2022"]
[Site "Reinstorf"]
[Date "2022.02.01"]
[Round "4.17"]
[White "De Vries, Leonard"]
[Black "Pubantz, Jan"]
[Result "0-1"]
[WhiteElo "1988"]
[BlackElo "2286"]
[Annotator "TA"]
[PlyCount "126"]
[EventDate "2022.01.29"]
[EventType "swiss"]
[EventCountry "GER"]
[SourceTitle "playchess.com"]
[Source "ChessBase"]
[SourceQuality "1"]

1. Nf3 d5 2. g3 Bg4 3. Bg2 Nd7 4. c4 e6 5. b3 Ngf6 6. O-O c6 7. Nc3 Bd6 8. d3 O-O 9. h3 Bh5 10. Qc2 Qe7 11. e4 dxe4 12. Nxe4 Nxe4 13. dxe4 Bxf3 14. Bxf3 Be5 15. Rb1 Rfd8 16. Be2 Bd4 17. Kg2 e5 18. Bd2 a5 19. f4 exf4 20. Rxf4 Ne5 21. Rbf1 Rd7 22. h4 b6 23. h5 h6 24. Rf5 Rd6 25. Bf4 f6 26. c5 bxc5 27. Bxe5 Bxe5 28. Qxc5 Qc7 29. R5f3 Rd2 30. Qc4+ Kh7 31. a4 Rad8 32. Re1 Qd7 33. Rf2 Bd4 34. Rf4 Be5 35. Rf2 Qc7 36. Rf3 Rb2 37. Rd3 Rxd3 38. Qxd3 Qd6 39. Qf3 Qe6 40. Rc1 Rxb3 41. Qf5+ Qxf5 42. exf5 Rxg3+ 43. Kf2 Rg5 44. Ke3 Kg8 45. Ke4 Rg2 46. Ke3 Bd4+ 47. Kxd4 Rxe2 48. Rxc6 Rf2 49. Rc8+ Kh7 50. Ke4 Rh2 51. Rc5 Rh4+ 52. Kf3 Rxa4 53. Kg3 Ra3+ 54. Kg2 Ra2+ 55. Kg3 Ra1 56. Kg2 a4 57. Ra5 a3 58. Ra7 Kg8 59. Ra8+ Kf7 60. Ra7+ Kf8 61. Ra8+ Ke7 62. Ra7+ Kd6 63. Rxg7 Ke5 0-1

[Event "Chessemy Open 2022"]
[Site "Reinstorf"]
[Date "2022.02.01"]
[Round "4.18"]
[White "Niermann, Tristan"]
[Black "Tiede, Andreas"]
[Result "1-0"]
[WhiteElo "2263"]
[BlackElo "1982"]
[Annotator "TA"]
[PlyCount "51"]
[EventDate "2022.01.29"]
[EventType "swiss"]
[EventCountry "GER"]
[SourceTitle "playchess.com"]
[Source "ChessBase"]
[SourceQuality "1"]

1. d4 Nf6 2. Bf4 e6 3. e3 b6 4. Nf3 Bb7 5. Bd3 Be7 6. Nbd2 c5 7. c3 cxd4 8. exd4 Nd5 9. Bg3 f5 10. c4 Nf6 11. d5 exd5 12. cxd5 Bxd5 13. Bxf5 Nc6 14. O-O O-O 15. Nb3 Rc8 16. Rc1 g6 17. Bh3 Nb4 18. Rxc8 Qxc8 19. Re1 Re8 20. Bh4 Be6 21. Bxe6+ dxe6 22. Nbd4 Nfd5 23. Bxe7 Rxe7 24. a3 Nc6 25. Qc1 Rc7 26. Nxe6 1-0

[Event "Chessemy Open 2022"]
[Site "Reinstorf"]
[Date "2022.02.01"]
[Round "4.19"]
[White "Sreyas Payyappat"]
[Black "Riering, Berthold"]
[Result "1-0"]
[WhiteElo "2250"]
[BlackElo "1971"]
[Annotator "TA"]
[PlyCount "39"]
[EventDate "2022.01.29"]
[EventType "swiss"]
[EventCountry "GER"]
[SourceTitle "playchess.com"]
[Source "ChessBase"]
[SourceQuality "1"]

1. e4 c6 2. d4 d5 3. Nc3 dxe4 4. Nxe4 Nf6 5. Nxf6+ exf6 6. Bc4 Na6 7. Nf3 Nc7 8. O-O Bd6 9. Re1+ Ne6 10. Nh4 g6 11. Bh6 Bf8 12. Qd2 g5 13. Bxf8 Kxf8 14. Nf5 Nf4 15. Qb4+ Kg8 16. Nh6+ Kg7 17. Nxf7 Qf8 18. Re7 b5 19. Nxh8+ Kxh8 20. Rxh7+ 1-0

[Event "Chessemy Open 2022"]
[Site "Reinstorf"]
[Date "2022.02.01"]
[Round "4.20"]
[White "Schell, Franz Juergen"]
[Black "Hoffmann, Hendrik"]
[Result "0-1"]
[WhiteElo "1969"]
[BlackElo "2245"]
[Annotator "TA"]
[PlyCount "102"]
[EventDate "2022.01.29"]
[EventType "swiss"]
[EventCountry "GER"]
[SourceTitle "playchess.com"]
[Source "ChessBase"]
[SourceQuality "1"]

1. e4 d6 2. d4 Nf6 3. Nc3 g6 4. f4 Bg7 5. Bd3 O-O 6. Nf3 Na6 7. O-O c5 8. d5 Nc7 9. a4 a6 10. a5 Nb5 11. Bd2 Nxc3 12. Bxc3 c4 13. Bxc4 Nxe4 14. Bxg7 Kxg7 15. Qd4+ Nf6 16. h3 Qc7 17. b4 Kg8 18. Bd3 Rb8 19. c4 Bd7 20. Rfe1 Rfe8 21. Rab1 Qc8 22. Kh2 Bf5 23. Bxf5 Qxf5 24. Rb2 Rbc8 25. g4 Qd7 26. Nd2 Qc7 27. Rc1 e5 28. fxe5 dxe5 29. Qd3 e4+ 30. Qg3 Nxd5 31. Re1 Qxg3+ 32. Kxg3 Nf6 33. Kf4 h6 34. b5 Rcd8 35. bxa6 bxa6 36. Nxe4 Rd4 37. Rbe2 Rxc4 38. Kf3 Rexe4 39. Rxe4 Nxe4 40. Rxe4 Rxe4 41. Kxe4 Kf8 42. Kd5 Ke7 43. Ke5 f6+ 44. Kd5 Kd7 45. h4 Ke7 46. Kc5 f5 47. gxf5 gxf5 48. Kd5 Kf6 49. Kd4 Ke6 50. Kd3 Ke5 51. Ke3 f4+ 0-1